000 00616nam a2200229 a 4500
001 69370
003 BD-RjUL
005 20211209081857.0
008 170411s1947 nyuad 001 0 eng d
035 _a(BD-RjUL)69581
040 _aNS:GR
_beng
_cBD-RjUL
041 _aeng
082 0 4 _a550
_223
_bSHU 1947
100 1 _aShand, S. J.
_9200640
245 1 _aUseful Aspects of Geology /
_cSamuel James SHAND
250 _a3rd rev. & amp. ed.
260 _aLondon:
_bThomas murby & co.,
_c1947
300 _ax, 182 p. :
_bill. ;
_c24 cm.
500 _aIncludes index.
650 _aGeology
_9205515
942 _2ddc
_cBK
999 _c69370
_d69370